Alfonsín /

Fotos emblemáticas del periodismo gráfico argentino de los últimos 35 años cuentan la historia de la Argentina reciente. La serie se sumerge en los archivos fotográficos y se acerca a los hechos desde imágenes que condensan simbólicamente mucho más que lo fotografiado. Se trata de una mirada que, ad...

Descripción completa

Guardado en:
Autor Principal: Avruj, Nicolás.
Autor Corporativo: Canal Encuentro.
Otros Autores: Yako, Dani; Entrevistado., Ronco, Margarita; Entrevistado., Moreau, Leopoldo; Entrevistado., Pepe, Lorenzo; Entrevistado.
Formato: Deslizar
Publicado: Argentina, 2013
Series:Fotos. Retrato de un País I
Materias:
Etiquetas: Agregar Etiqueta
Sin Etiquetas, Sea el primero en etiquetar este registro!
LEADER 02248ngm a22003735g 4500
001 CEM.cems023913
008 130507s2013##################0###0#####d
005 20250716134527.0
245 1 0 |a Alfonsín /  |c Nicolás Avruj, Fernando Zuber y Diego Lerman. 
260 |a Argentina,  |c 2013 
300 |a 28'. 
490 0 |a Fotos. Retrato de un País I 
520 |a Fotos emblemáticas del periodismo gráfico argentino de los últimos 35 años cuentan la historia de la Argentina reciente. La serie se sumerge en los archivos fotográficos y se acerca a los hechos desde imágenes que condensan simbólicamente mucho más que lo fotografiado. Se trata de una mirada que, además de detenerse en lo estético, se plantea un relato fotográfico de la historia. El fotógrafo Dani Yako vuelve a Argentina después de su exilió en Madrid y se suma a la reciente agencia de noticias DyN. Durante 1983, año de las primeras elecciones presidenciales desde 1973, Yako recorre el país haciendofotos. Mientras la campaña avanza y se encamina hacia su desenlace, fotografía al entonces candidato Raúl Alfonsín mirando por la ventanilla de un avión. La imagen, en un rabioso blanco y negro, muestra al radical pensativo y reflexivo, en una posible pausa o lapsus de temor. Abajo está el país que dentro de unos meses tiene que gobernar. Con discursos que citan al preámbulo de la Constitución Nacional, el candidato esperanza al país con una primavera democrática. 
538 |a Soporte: DVD - Formato: AVI - Resolución: 720 x 540 - Grabación DRD 
500 |a Consultar en ventanilla. 
100 1 |a Avruj, Nicolás. 
700 1 |a Yako, Dani; Entrevistado. 
700 1 |a Ronco, Margarita; Entrevistado. 
700 1 |a Moreau, Leopoldo; Entrevistado. 
700 1 |a Pepe, Lorenzo; Entrevistado. 
710 2 |a Canal Encuentro. 
082 9 8 |/ AVR-1 
653 |a HISTORIA 
653 |a HISTORIA ARGENTINA 
653 |a FOTOS 
653 |a FOTOGRAFIA 
653 |a FOTOGRAFIA ARGENTINA 
653 |a RADICALISMO 
653 |a ALFONSIN 
653 |a ALFONSINISMO 
653 |a DEMOCRACIA 
653 |a GOBIERNO DE ALFONSIN 
653 |a SERIE DE TELEVISIÓN 
859 |a CEMS  |b BIB. CEMS - Depto. Recursos Didacticos  |h 982  |i AVR-1  |k DRD  |p 2556.15  |t Ej.1